000 00540nam a2200157Ia 4500
008 220217s9999 xx 000 0 und d
100 _aSubhalasmi Bhattacharjee
245 0 _aImpact of rubber plantation on the earthworm communities of West Tripura (India)
260 _bTripura University
_c2013
300 _a165
500 _aCourse: PhD
500 _aReceived from Dr. James Jacob, Former Director
700 _aDr Priyasankar Chaudhuri
850 _aTripura University Earthworm Research Laboratary, Dept of Zoology
942 _cTS
999 _c74615
_d74615